[Event "Ardennes-ch 0102"]
[Site "Ardennes"]
[Date "2001.??.??"]
[Round "?"]
[White "Romain, Emeline"]
[Black "Canniaux, Aurelien"]
[Result "1-0"]
[WhiteElo "1820"]
[BlackElo "1680"]
[PlyCount "67"]
[EventDate "2001.??.??"]
[EventType "swiss"]
[EventRounds "9"]
[EventCountry "FRA"]
[SourceTitle "EXT 2008"]
[Source "ChessBase"]
[SourceDate "2007.11.25"]
[SourceVersion "1"]
[SourceVersionDate "2007.11.25"]
[SourceQuality "1"]

1. d4 Nf6 2. Nf3 g6 3. Bf4 Bg7 4. e3 0-0 5. Bd3 d5 6. 0-0 Nc6 7. c4 Nb4 8. Be2 c5 9. a3 Nc6 10. dxc5 Qa5 11. cxd5 Rd8 12. Nc3 Nxd5 13. Nxd5 Qxc5 14. Nxe7+ Qxe7 15. Qb3 Be6 16. Qb5 Rd5 17. Qa4 Bxb2 18. Rab1 Ra5 19. Qc2 Bg7 20. Rfd1 Rc5 21. Qa4 Ra5 22. Qc2 Rd8 23. Rxd8+ Nxd8 24. Qc7 Nc6 25. Rxb7 Qc5 26. Rb1 Rxa3 27. Bd6 Qf5 28. Rb8+ Bf8 29. Bxa3 Nxb8 30. Qxb8 Bc8 31. Bxf8 Kxf8 32. Ba6 Qa5 33. Qxc8+ Kg7 34. Bf1 1-0